000 01154nam a22003377a 4500
003 CHAP
005 20220329135058.0
008 971013s1983 r 00010 d
010 _a30586
011 _a31558
035 _a35670
040 _cCHAP
082 _a663.2
_bM37
100 0 0 _aMareca Cortés, Ildefonso.
_971321
245 _aOrigen, composición y evolución del vino
260 _aBarcelona :
_bAlhambra,
_c1983
300 _a361 p.
_b: ilus
490 _aZairos. Aula politécnica
_v; 28
590 _aBATCH-UPD
_b10
_c20130110
_lUCH01
_h1059
590 _aBATCH-UPD
_b10
_c20130410
_lUCH01
_h0652
590 _aBATCH-UPD
_b10
_c20130914
_lUCH01
_h2104
590 _aCONVERSION
_b10
_c20130109
_lUCH01
_h1317
650 1 4 _aVino.
_9119855
650 1 4 _aVino
_xElaboración.
_9119861
830 0 _aZairos. Aula politécnica
_v; 28
_9123445
901 _aBK
942 _cLIBRO
949 _a663.2 M37
_bBC
_cLIBRO
_d33724000130761
_eLIBRO
_h61128
_i35670
_si
_t4.38
949 _a663.2 M37
_bBC
_cLIBRO
_d33724000130779
_eLIBRO
_fc.2
_h61129
_i35670
_si
_t4.38
949 _a663.2 M37
_bBC
_cLIBRO
_d33724000130787
_eLIBRO
_fc.3
_gI.126222
_h65288
_i35670
_si
_t5.19
999 _c30586
_d30586